| 000 | 01726nmm a2200553 a 4500 | ||
|---|---|---|---|
| 003 | AR-BaBNM | ||
| 005 | 20251128203249.0 | ||
| 008 | 011101s1990 ||||||||||||||000 | spa|| | ||
| 040 | _cAR-BaBNM | ||
| 111 | 2 |
_aSeminario Internacional de Educación a Distancia _n1 _cBuenos Aires, Argentina _9mayo 22-24 _d1989 |
|
| 245 | 1 | 0 |
_aLa educación a distancia _bdeseos y realidades |
| 260 |
_aBuenos Aires _bOEA _c1990 |
||
| 300 | _a164 p. | ||
| 500 | _aOEA: Organización de los Estados Americanos | ||
| 500 | _aProyecto "Desarrollo y Aplicación de Sistemas Educativos a Distancia" | ||
| 500 | _aI.C.D.E.: Internacional Council for Distance Education | ||
| 500 | _aUNESCO: Organización de las Naciones Unidas para la Educación, la Ciencia y la Cultura | ||
| 650 | 4 | _aEDUCACION COMPARADA | |
| 650 | 4 | _aTEORIAS DEL APRENDIZAJE | |
| 650 | 4 | _aPROCESO DE APRENDIZAJE | |
| 651 | 4 | _aVenezuela | |
| 651 | 4 | _aPerú | |
| 651 | 4 | _aMéxico | |
| 651 | 4 | _aIsrael | |
| 651 | 4 | _aEstados Unidos | |
| 651 | 4 | _aEspaña | |
| 651 | 4 | _aCosta Rica | |
| 651 | 4 | _aColombia | |
| 651 | 4 | _aBrasil | |
| 651 | 4 | _aAmérica Latina | |
| 653 | _aEDUCACION A DISTANCIA | ||
| 700 | 1 |
_aLitwin, Edith _ecompilador |
|
| 700 | 1 |
_aLibedinsky, Marta _ecompilador |
|
| 700 | 1 | _aAbreu, María Rosa | |
| 700 | 1 | _aAparici, Roberto | |
| 700 | 1 | _aArias, Teresa | |
| 700 | 1 | _aBraslavsky, Berta P. de | |
| 700 | 1 | _aCarbone, Graciela María | |
| 700 | 1 | _aGarzón, Arturo | |
| 700 | 1 | _aJoseph, Andrés H. | |
| 700 | 1 | _aMena, Marta | |
| 700 | 1 | _aRiccó, Norma | |
| 700 | 1 | _aRottemberg, Rosa | |
| 700 | 1 | _aSaleme de Burnichon, María | |
| 700 | 1 | _aSerur, Raquel | |
| 700 | 1 | _aTrilnick, Daniel | |
| 942 | _cBK | ||
| 998 | _csilvi | ||
| 999 |
_c2613 _d2613 |
||